000 00421nam a2200133Ia 4500
008 100328s9999 xx 000 0 und d
082 _b36883
100 _aपाटेकर श्रीकांत
245 _aभ्रष्टाचार
260 _bडायमंड पॉकेट बुक्स
630 _aभ्रष्टाचार
730 _aभ्रष्टाचार
942 _cBOOK
999 _c526447
_d526444